000
00276nam a22001337a 4500
041
_a
ENG
100
_a
Seethalakshmi .K.K
245
_a
Bamboos Of India A Compendium
260
_a
Delhi
_b
INBAR
_c
1998
300
_a
342
650
_a
FS
700
_a
Kumar.M.S
856
_u
FS
999
_c
809
_d
809